| 000 | 01171cam a22003737a 4500 | ||
|---|---|---|---|
| 003 | CHAP | ||
| 005 | 20220817043541.0 | ||
| 008 | 990614d1998 mx a r 00110 spa d | ||
| 010 | _a78241 | ||
| 011 | _a79213 | ||
| 020 | _a9687462078 | ||
| 035 | _a89383 | ||
| 040 | _cCHAP | ||
| 082 | 0 | 4 |
_a634 _bA52 1998 |
| 100 | 0 | 0 |
_aAlmaguer Vargas, Gustavo. _94475 |
| 245 | 1 | 0 |
_aFruticultura general _c/por Gustavo Almaguer Vargas |
| 250 | _a3ed. | ||
| 260 |
_aChapingo, Méx. : _bUACH., _c1998. |
||
| 300 |
_a370 p. : _bilus. ; cuadros |
||
| 410 | 2 | _aUACH | |
| 490 | 0 | _aSerie : textos agronómicos | |
| 590 |
_aBATCH-UPD _b10 _c20130110 _lUCH01 _h1343 |
||
| 590 |
_aBATCH-UPD _b10 _c20130410 _lUCH01 _h0843 |
||
| 590 |
_aBATCH-UPD _b10 _c20130914 _lUCH01 _h0301 |
||
| 590 |
_aCONVERSION _b10 _c20130109 _lUCH01 _h1343 |
||
| 650 | 1 | 4 |
_aFruticultura. _943684 |
| 810 | 2 | _aUACH | |
| 830 | 0 | 0 |
_aSerie : textos agronómicos _9104577 |
| 901 | _aBK | ||
| 905 | _aAlejandra Carrasco M. | ||
| 942 | _cLIBRO | ||
| 949 |
_a634 A52 1998 _bBC _cLIBRO _d33724000724423 _eLIBRO _h95642 _i89383 _si _t$ 118. |
||
| 949 |
_a634 A52 1998 _bBC _cUACH _d33724000724431 _eUACH _fc.2 _h95643 _i89383 _sb _t$ 118. |
||
| 999 |
_c78241 _d78241 |
||